El niño envuelto : cuentos sin cuento para chicos de 8 a 13 años /

Guardado en:
Autor Principal: Bornemann, Elsa Isabel
Formato: Libro
Publicado: Buenos Aires : Orión, 1996
Edición:14a. ed.
Series:Tobogán
Materias:
Etiquetas: Agregar Etiqueta
Sin Etiquetas, Sea el primero en etiquetar este registro!
LEADER 00887nam a22002655a 4500
001 CEM.cems010912
008 130507s1996##################000#0#####d
005 20240311184649.0
245 1 0 |a El niño envuelto :  |b cuentos sin cuento para chicos de 8 a 13 años /  |c Elsa Bornemann. 
250 |a 14a. ed. 
260 |a Buenos Aires :  |b Orión,  |c 1996 
300 |a 166 p. 
490 0 |a Tobogán 
020 |a 9505580339 
100 1 |a Bornemann, Elsa Isabel 
082 0 4 |a A868.4 
653 |a Literatura 
653 |a Cuentos juveniles 
653 |a Cuentos 
653 |a Literatura argentina 
653 |a Literatura juvenil 
653 |a Cuentos argentinos 
859 |a CEMS  |b BIB. CEMS - 11 de abril  |h A868.4  |i B645-8  |p 21650.02  |t Ej.1 
859 |a CEMS  |b BIB. CEMS - Inicial y Primaria  |h A868.4  |i B645-4  |k IP  |p 2114  |t Ej. 1 
859 |a CEMS  |b BIB. CEMS - Inicial y Primaria  |h A868.4  |i B645-4  |k IP  |p 2590  |t Ej.2